| 000 | 00688nam a22002177a 4500 | ||
|---|---|---|---|
| 001 | 0001620505 | ||
| 003 | DO-SdBNP | ||
| 005 | 20180219145329.0 | ||
| 007 | 0001620505 | ||
| 008 | 161212b 1988 cu a ||||| |||| 00| 0 spa d | ||
| 040 |
_aBPMSU _bspa _cBPMSU |
||
| 082 |
_axxxx _bxxxx |
||
| 100 | 1 | _aGuillén, Nicolás | |
| 245 | 1 | 0 |
_aCanción de cuna para despertar a un negrito / _cNicolás Guillén ; [ilustraciones de Miriam González. |
| 260 |
_aLa Habana, Cuba : _bGente Nueva, _c1988. |
||
| 300 |
_a [40] p. : _bil. ; _c17 cm. |
||
| 700 | 1 |
_aGonzález, Miriam, _eil. |
|
| 942 |
_2ddc _cBK |
||
| 945 | _aInventariado, 2018 / BT | ||
| 956 |
_2LOPEREZ _310 _620161212 _8BPMSU _a00041 |
||
| 999 |
_c12386 _d12386 |
||